Counterrevolution in Argentina, 1900-1932: the Argentine patriotic league
Zapisane w:
| 1. autor: | |
|---|---|
| Format: | Książka |
| Język: | angielski |
| Wydane: |
Lincoln
University of Nebraska Press
1986
|
| Hasła przedmiotowe: | |
| Etykiety: |
Dodaj etykietę
Nie ma etykietki, Dołącz pierwszą etykiete!
|
MARC
| LEADER | 00000nam a2200000 a 4500 | ||
|---|---|---|---|
| 001 | UCX1062 | ||
| 003 | CL-VaPUC | ||
| 008 | 900529e19860000US |||||||||||||||||eng|d | ||
| 082 | 0 | 4 | |a 982.06 |b DEU |2 21 |
| 100 | 0 | |a Deutsch, Sandra McGee |e author |9 316471 | |
| 245 | 1 | 0 | |a Counterrevolution in Argentina, 1900-1932: the Argentine patriotic league |
| 300 | |a 319 p | ||
| 942 | |c BK | ||
| 945 | |d 19900529 00:00:00 | ||
| 260 | |a Lincoln |b University of Nebraska Press |c 1986 | ||
| 650 | 7 | |a LIGA PATRIOTICA ARGENTINA |2 CL-VaPUC |9 316472 | |
| 650 | 7 | |a POLITICA Y GOBIERNO 1860-1910 |2 CL-VaPUC |9 316473 | |
| 650 | 7 | |a POLITICA Y GOBIERNO 1910-1943 |2 CL-VaPUC |9 316474 | |
| 651 | 0 | |a Argentina |9 254888 | |
| 583 | |a last modification |c 19900529 00:00:00 |k Rodrigo Vera | ||
| 999 | |c 222402 |d 222400 | ||
| 952 | |0 0 |1 0 |4 0 |6 982_060000000000000_DEU_1986 |7 0 |8 A |9 217071 |a BIBHIS |b BIBHIS |d 2019-11-15 |i 2860198 |l 1 |m 1 |o 982.06 DEU 1986 |p 2860198 |r 2025-01-20 |s 2024-05-28 |w 2019-11-15 |y BK |k HIS | ||